| 000 | 00853nam a2200253Ia 4500 | ||
|---|---|---|---|
| 003 | GCL | ||
| 008 | 140319s9999 xx 000 0 ara d | ||
| 040 |
_aGCL / _cGCL |
||
| 082 | 0 | 4 |
_a953 _bم ح |
| 100 | 1 | _aمنز, ادم | |
| 245 | 1 | 0 |
_aالحضارة الاسلامية فى القرن الرابع الهجرى / _cمنز, ادم |
| 700 | 1 | _aمحمد عبدالهادى ابوريدة (مترجم) | |
| 260 |
_a[S.N] : _bمطبعة لجنة التأليف والترجمة والنشر ، _c1940 |
||
| 300 | _a454 | ||
| 490 | _a | ||
| 650 | 0 | 4 | _aتاريخ |
| 650 | 0 | 4 | _aالاسلام |
| 650 | 0 | 4 | _aالثقافة الاسلامية |
| 650 | 0 | 4 | _aالتاريخ الاسلامى |
| 650 | 0 | 4 | _aالعمارة الاسلامية |
| 650 | 0 | 4 | _aالحضارة الاسلامية |
| 650 | 0 | 4 | _aالفن الاسلامى |
| 942 |
_2ddc _cBK |
||
| 999 |
_c59115 _d59115 |
||